Almanach 2003

Salvato in:
Dettagli Bibliografici
Ente Autore: Ekonomická univerzita v Bratislave. Fakulta medzinárodných vzťahov
Altri autori: Grešš, Martin, 1978-
Natura: Libro
Lingua:slovacco
Pubblicazione: Bratislava Vydavateľstvo EKONÓM 2003
Soggetti:
Tags: Aggiungi Tag
Nessun Tag, puoi essere il primo ad aggiungerne!!

MARC

LEADER 00000nam$a2200000$$$4500
001 0035857
005 20240104095015.7
020 |a 80-225-1770-4 
041 0 |a slo 
044 |a SK 
245 1 0 |a Almanach 2003  |c výkonný redaktor: Martin Grešš 
264 1 |a Bratislava  |b Vydavateľstvo EKONÓM  |c 2003 
300 |a 264 s. 
610 2 0 |a vzťahy medzinárodné 
610 2 0 |a politika 
610 2 0 |a Slovensko 
610 2 0 |a Európska únia 
610 2 0 |a globalizácia 
610 2 0 |a integrácia ekonomická 
610 2 0 |a svet 
610 2 0 |a obchod medzinárodný 
610 2 0 |a politika regionálna 
610 2 0 |a voľby 
610 2 0 |a obchod zahraničný 
610 2 0 |a organizácie ekonomické medzinárodné 
700 1 |a Grešš, Martin, 1978- 
110 2 |a Ekonomická univerzita v Bratislave. Fakulta medzinárodných vzťahov